Lead Singers to Band - Click - Statistics

General Stats
  • This quiz has been taken 545 times
  • The average score is 17 of 24
Answer Stats
Hint Answer % Correct
Queen Freddie Mercury
97%
Nirvana Kurt Cobain
94%
Maroon 5 Adam Levine
89%
The Rolling Stones Mick Jagger
89%
U2 Bono
86%
Coldplay Chris Martin
86%
Green Day Billie Joe Armstrong
80%
The Doors Jim Morrison
78%
Blondie Deborah Harry
77%
Linkin Park Chester Bennington
72%
Aerosmith Steven Tyler
72%
Pearl Jam Eddie Vedder
70%
Led Zeppelin Robert Plant
69%
Radiohead Thom Yorke
69%
Metallica James Hetfield
68%
The Smiths Morrissey
65%
Smashing Pumpkins Billy Corgan
60%
R.E.M. Michael Stipe
56%
Journey Steve Perry
55%
Talking Heads David Byrne
53%
Joy Division Ian Curtis
48%
The Strokes Julian Casablancas
47%
Matchbox Twenty Rob Thomas
45%
Pixies Black Francis
32%
No matching quizzes found
Score Distribution
Percent of People with Each Score
Percentile by Number Answered
Your Score History
You have not taken this quiz